[Event "JBLN Ost 0102"]
[Site "Germany"]
[Date "2001.12.09"]
[Round "?"]
[White "Herkt, Laura"]
[Black "Karlstedt, Florian"]
[Result "1-0"]
[WhiteElo "1444"]
[BlackElo "1268"]
[PlyCount "83"]
[EventDate "2002.10.??"]
[EventType "team-tourn"]
[EventRounds "9"]
[EventCountry "GER"]
[SourceTitle "EXT 2005"]
[Source "ChessBase"]
[SourceDate "2004.11.15"]
[SourceVersion "1"]
[SourceVersionDate "2004.11.15"]
[SourceQuality "1"]

1. Nf3 c5 2. g3 d5 3. Bg2 Nc6 4. d3 Bf5 5. Nbd2 e6 6. 0-0 Nf6 7. b3 Bd6 8. Bb2 Qc7 9. Re1 0-0-0 10. e4 dxe4 11. dxe4 Bg4 12. h3 Bxf3 13. Qxf3 Nd4 14. Bxd4 cxd4 15. e5 Bb4 16. exf6 Bxd2 17. fxg7 Rhg8 18. Red1 Bc3 19. Rab1 Rxg7 20. Rd3 Rd5 21. Qf6 Rdg5 22. Qf3 Rf5 23. Qe4 Rgg5 24. a4 h5 25. Qe2 Re5 26. Qd1 Kb8 27. Qf1 h4 28. f4 Ref5 29. Be4 Rxf4 30. Qe2 hxg3 31. Rf1 Rf2 32. Qd1 Rh2 33. Bg2 Qe5 34. Qf3 Qd5 35. Qxd5 exd5 36. Rxf7 a6 37. Rff3 Be1 38. Rxd4 Bf2+ 39. Rxf2 Re5 40. Rdd2 Re1+ 41. Rf1 Re3 42. Rd3 1-0

[Event "JBLN Ost 0102"]
[Site "Germany"]
[Date "2001.09.23"]
[Round "?"]
[White "Karlstedt, Florian"]
[Black "Erbs, Susan"]
[Result "1/2-1/2"]
[WhiteElo "1268"]
[BlackElo "1342"]
[PlyCount "92"]
[EventDate "2002.10.??"]
[EventType "team-tourn"]
[EventRounds "9"]
[EventCountry "GER"]
[SourceTitle "EXT 2005"]
[Source "ChessBase"]
[SourceDate "2004.11.15"]
[SourceVersion "1"]
[SourceVersionDate "2004.11.15"]
[SourceQuality "1"]

1. e4 d6 2. d4 Nf6 3. Nc3 g6 4. Bg5 Bg7 5. f4 0-0 6. Be2 c5 7. e5 dxe5 8. dxe5 Nfd7 9. Bc4 Nb6 10. Nd5 Nxd5 11. Qxd5 Qa5+ 12. c3 Nc6 13. Nf3 Be6 14. Qe4 Bxc4 15. Qxc4 Rad8 16. 0-0 Kh8 17. Bh4 h6 18. a3 Kh7 19. b4 cxb4 20. axb4 Qd5 21. Qe2 a6 22. Rad1 Qe6 23. h3 Kg8 24. Qe4 Rd7 25. Rxd7 Qxd7 26. Nd4 Nxd4 27. Rd1 Qc6 28. Qxd4 e6 29. Be7 Rc8 30. Rd3 Bf8 31. Qd6 Bxe7 32. Qxe7 Kg7 33. Rd7 Rf8 34. Rc7 Qb6+ 35. Kh2 Qe3 36. Qf6+ Kg8 37. h4 h5 38. c4 Qb6 39. Qe7 Qd4 40. Qg5 Qb6 41. Re7 Qxb4 42. f5 exf5 43. e6 Qxc4 44. Qf6 Qf4+ 45. Kg1 Qe3+ 46. Kh1 Qc1+ 1/2-1/2